[Event "XI Open A"]
[Site "Bosnjaci CRO"]
[Date "2005.01.06"]
[Round "6"]
[White "Zufic,M"]
[Black "Boskovic,D"]
[Result "0-1"]
[WhiteElo "2370"]
[BlackElo "2408"]

1.e4 c5 2.Nf3 Nc6 3.d4 cxd4 4.Nxd4 Qc7 5.Nc3 e6 6.Be3 Nf6 7.Qd2 Bb4 8.f3 a6
9.O-O-O Ne5 10.Nb3 b5 11.Kb1 Be7 12.Qf2 d6 13.g4 Bb7 14.g5 Nfd7 15.h4 b4
16.Ne2 Nc4 17.Bc1 a5 18.Nbd4 Rc8 19.Ng3 d5 20.Nh5 O-O 21.exd5 Bxd5 22.Nf4 Ndb6
23.Bh3 Qc5 24.g6 hxg6 25.h5 g5 26.h6 g6 27.Nxd5 Nxd5 28.f4 Na3+ 29.Ka1 Bf6
30.bxa3 bxa3 31.Rd3 Nb4 32.h7+ Kh8 33.Rhd1 Nxc2+ 34.Kb1 Nxd4 35.Bxa3 Rb8+
36.Bb2 Qc2+ 37.Qxc2 Nxc2 38.Rb3 Rxb3 39.axb3 Bxb2 40.Kxc2 Bf6 41.fxg5 Bxg5
42.Rd7 e5 43.Rd5 Bf4 44.Rxa5 Kxh7 45.b4 f5 46.b5 e4 47.b6 Rc8+ 48.Kb3 e3
49.Bf1 Rc1 50.Bd3 Rd1 51.Kc3 Re1 52.Ra2 Rc1+ 53.Kd4 Rc6 54.Rb2 Rd6+ 55.Kc4 Kh6
56.b7 Rd8 57.Rb6 Kg5 58.Rc6 Be5 59.Re6 Kf4 60.Bf1 g5 61.Bd3 g4 62.Re7 g3
63.Bf1 g2  0-1

[Event "TCh-SWE Elitserien 2004-5"]
[Site "Sweden SWE"]
[Date "2005.01.15"]
[Round "6"]
[White "Couso,L"]
[Black "Sjoberg,M"]
[Result "0-1"]
[WhiteElo "2339"]
[BlackElo "2346"]

1.e4 c5 2.Nf3 Nc6 3.d4 cxd4 4.Nxd4 Qb6 5.Nb3 Nf6 6.Nc3 e6 7.Be3 Qc7 8.g3 Ne5
9.Bg2 Nc4 10.Bf4 e5 11.Bc1 Bb4 12.O-O Bxc3 13.bxc3 d6 14.Bg5 Nd7 15.Re1 h6
16.Bc1 Nf6 17.h3 O-O 18.Nd2 Be6 19.Nxc4 Bxc4 20.g4 d5 21.g5 hxg5 22.exd5 Nxd5
23.Bxd5 Rad8 24.Bxg5 Rxd5 25.Qh5 Rd6 26.Re4 f6 27.Be3 Bf7 28.Qe2 f5 29.Rb4 Rg6+
30.Kh2 e4+ 31.Kh1 f4 32.Bxa7 Qd7 33.Qf1 Bd5 34.Rd1 e3+  0-1

[Event "TCh-BEL 2004-5"]
[Site "Belgium BEL"]
[Date "2005.01.16"]
[Round "7"]
[White "Dutreeuw,M"]
[Black "Landa,K"]
[Result "0-1"]
[WhiteElo "2352"]
[BlackElo "2574"]

1.e4 c5 2.Nf3 Nc6 3.d4 cxd4 4.Nxd4 Qb6 5.Nb3 Nf6 6.Nc3 e6 7.Bd3 Be7 8.O-O O-O
9.Be3 Qc7 10.f4 d6 11.Qf3 a6 12.a4 Nb4 13.a5 Bd7 14.Bb6 Qb8 15.Nd4 Bc6 16.Nde2 Nd7
17.Bf2 Nc5 18.Qg3 Re8 19.Nd4 Qc7 20.Kh1 Bf8 21.Bg1 Rac8 22.Rf3 Qd8 23.f5 e5
24.Nxc6 Rxc6 25.f6 g6 26.Qh4 Ncxd3 27.cxd3 d5 28.Bb6 Qd6 29.Rh3 h6 30.exd5 Nxd5
31.Nxd5 Qxd5 32.Be3 h5 33.Qg5 Qxd3 34.Rxh5 Rd8 35.Rh3 Qd1+ 36.Rxd1 Rxd1+
37.Bg1 Rcc1 38.Qe3 Re1 39.g4 Rxe3 40.Rxe3 Bc5 41.Rg3 g5  0-1

[Event "Zimski Winter Open"]
[Site "Belgrade SCG"]
[Date "2005.01.23"]
[Round "2"]
[White "Sarenac,I"]
[Black "Damjanovic,D"]
[Result "1/2-1/2"]
[WhiteElo "2064"]
[BlackElo "2260"]

1.e4 c5 2.Nf3 Nc6 3.d4 cxd4 4.Nxd4 Qc7 5.Nc3 e6 6.Be2 a6 7.O-O Nf6 8.Be3 Bb4
9.Na4 Be7 10.c4 Nxe4 11.Bf3 Ng5 12.Bxc6 bxc6 13.Qc2 f5 14.f4 Ne4 15.c5 Rb8
16.Rfb1 O-O 17.b4 Bf6 18.g3 g6 19.Rb3 Bg7 20.Rd1 Nf6 21.Qd2 Nd5 22.Nf3 a5
23.a3 axb4 24.axb4 Ba6 25.Nb6 Rb7 26.Ra3 Bb5 27.Nd4 Nxb6 28.cxb6 Rxb6 29.Nxb5 Rxb5
30.Qxd7 Qxd7 31.Rxd7 Rxb4 32.Raa7 Bf6 33.Bc5 Rb1+ 34.Kg2 Re8 35.Bd4  1/2-1/2

[Event "13th Fajr Open"]
[Site "Tehran IRI"]
[Date "2005.01.30"]
[Round "6"]
[White "Esaabadi,J"]
[Black "Golafroozi,S"]
[Result "0-1"]
[WhiteElo "2026"]
[BlackElo "2320"]

1.e4 c5 2.Nf3 Nc6 3.d4 cxd4 4.Nxd4 Qb6 5.Nb3 Nf6 6.Nc3 e6 7.Be2 Bb4 8.O-O Bxc3
9.bxc3 Nxe4 10.Bd3 Nf6 11.Ba3 Qc7 12.Re1 b6 13.Bb5 Bb7 14.Bd6 Qc8 15.Qd2 a6
16.Bf1 Ne7 17.Nd4 Ne4 18.Rxe4 Bxe4 19.Re1 Bg6 20.h4 h6 21.f4 Nf5 22.Nxf5 Bxf5
23.Qd4 f6 24.Be2 h5 25.Bf3 Kf7 26.Re3 g6 27.Qxb6 Rb8 28.Bxb8 Qxb8 29.Qd4 Rd8
30.Bd1 d5 31.Kh2 Qd6 32.a4 Rc8 33.g3 Qc5 34.Qd2 Rb8 35.Be2 Rb1 36.Bxa6 Ra1
37.Bd3 Bxd3 38.cxd3 Qa3 39.Re2 Qxa4 40.Qc2 Qa7 41.d4 Qa6 42.Kg2 Ra3 43.Qb2 Rxc3
44.Qxc3 Qxe2+ 45.Kg1 Qc4 46.Qxc4 dxc4 47.Kf2 Ke7 48.Ke3 Kd6 49.Kd2 Kc6 50.f5 gxf5
51.Kc2 Kd5 52.Kc3 e5  0-1

[Event "Extraliga CZE 2004-5"]
[Site "Czech Rep CZE"]
[Date "2005.02.20"]
[Round "7"]
[White "Sluka,R"]
[Black "Antoniewski,R"]
[Result "1/2-1/2"]
[WhiteElo "2334"]
[BlackElo "2480"]

1.e4 c5 2.Nf3 Nc6 3.d4 cxd4 4.Nxd4 Qb6 5.Nb3 Nf6 6.Nc3 e6 7.Be2 Bb4 8.O-O Bxc3
9.bxc3 Nxe4 10.Bf3 Nxc3 11.Qd2 Nb5 12.Bb2 O-O 13.Bxc6 Qxc6 14.Bxg7 Kxg7 15.Qg5+ Kh8
16.Qf6+ Kg8 17.Qg5+ Kh8 18.Qf6+ Kg8 19.Qg5+  1/2-1/2

[Event "12th Metalis Open"]
[Site "Bizovac CRO"]
[Date "2005.02.24"]
[Round "2"]
[White "Ciganovic,N"]
[Black "Andonov,B"]
[Result "0-1"]
[WhiteElo "2185"]
[BlackElo "2377"]

1.e4 c5 2.Nf3 Nc6 3.d4 cxd4 4.Nxd4 Qc7 5.Nc3 e6 6.Be3 Nf6 7.Bd3 a6 8.O-O Nxd4
9.Bxd4 Bc5 10.Bxc5 Qxc5 11.Kh1 d6 12.f4 e5 13.Nd5 Nxd5 14.exd5 O-O 15.fxe5 dxe5
16.Qh5 f5 17.Bxf5 Bxf5 18.Rxf5 Qxd5 19.Rxe5 Qxa2 20.Ree1 Qxb2 21.Qd5+ Kh8
22.Rab1 Qxc2 23.Rxb7 Qf2 24.Rbb1 a5 25.h3 a4 26.Re2 a3 27.Qe5 Qf6 28.Qxf6 Rxf6
29.Ra1 h6 30.Re3 a2 31.Re2 Rfa6 32.Kh2 Ra3 33.Rf2 h5 34.h4 R8a4 35.g3 Kg8
36.Kh3 Rg4 37.Rg2 Rga4 38.Rf2 g6 39.Kh2 Kg7 40.Kh3 Kh6 41.Rd2 g5 42.hxg5+ Kxg5
43.Rd5+ Kg6 44.Rd6+ Kf5 45.Rd5+ Ke4 46.Rxh5  0-1

[Event "12th Metalis Open"]
[Site "Bizovac CRO"]
[Date "2005.02.25"]
[Round "4"]
[White "Sipic,H"]
[Black "Andonov,B"]
[Result "0-1"]
[WhiteElo "2205"]
[BlackElo "2377"]

1.e4 c5 2.Nf3 Nc6 3.d4 cxd4 4.Nxd4 Qc7 5.Nc3 e6 6.Be2 Nf6 7.O-O Be7 8.Be3 d6
9.Kh1 a6 10.f4 O-O 11.Qe1 Nxd4 12.Bxd4 b5 13.e5 dxe5 14.fxe5 Ne8 15.Bd3 Bb7
16.Qe3 g6 17.Rf2 Ng7 18.Ne4 Nf5 19.Rxf5 gxf5 20.Nd6 Kh8 21.Qh6 Qc6 22.Rg1 Rad8
23.c3 Ba8 24.Be2 Qc7 25.Bh5 Kg8 26.Qf4 Bd5 27.Qg3+ Kh8 28.Bxf7 Rb8 29.Bh5 Bd8
30.Bf3 Rg8 31.Qf2 Bxf3 32.Qxf3 Bg5 33.Qh5 Rgf8 34.h4 Bd8 35.Qh6 Qe7  0-1

[Event "12th Metalis Open"]
[Site "Bizovac CRO"]
[Date "2005.02.26"]
[Round "6"]
[White "Brkic,A"]
[Black "Andonov,B"]
[Result "1/2-1/2"]
[WhiteElo "2458"]
[BlackElo "2377"]

1.e4 c5 2.Nf3 Nc6 3.d4 cxd4 4.Nxd4 Qc7 5.Nc3 e6 6.Be3 Nf6 7.Be2 Bb4 8.Nb5 Qb8
9.a3 Be7 10.O-O d6 11.f4 O-O 12.Kh1 Bd7 13.a4 Rd8 14.Nd4 Nxd4 15.Bxd4 Bc6
16.Bd3 e5 17.Be3 d5 18.fxe5 Qxe5 19.Bf4 Qe6 20.e5 Ne4 21.Nb5 Qd7 22.Be3 d4
23.Bxe4 Bxe4 24.Nxd4 Qd5 25.Qe2 Qxe5 26.c3 Bg6 27.Qf3 Qd5 28.Nf5 Bf8 29.Qg4 Re8
30.Bd4 Re4 31.Qf3 Qc6 32.Qg3 Rae8 33.b4 a6 34.h3 Re2 35.Qf3 Qxf3 36.Rxf3 Re1+
37.Rxe1 Rxe1+ 38.Kh2 Bxf5 39.Rxf5 Bd6+ 40.g3 Re2+ 41.Kg1 f6  1/2-1/2

[Event "Sozina Open"]
[Site "Bar SCG"]
[Date "2005.03.04"]
[Round "1"]
[White "Kandic,Milo"]
[Black "Djukic,Z SCG"]
[Result "0-1"]
[WhiteElo "2077"]
[BlackElo "2412"]

1.e4 c5 2.Nf3 Nc6 3.d4 cxd4 4.Nxd4 Qc7 5.Nc3 e6 6.Be3 a6 7.Be2 Nf6 8.a3 Be7
9.O-O O-O 10.f4 d6 11.Nb3 b5 12.Bf3 Rb8 13.g4 Re8 14.g5 Nd7 15.Ne2 Nb6 16.Nd2 d5
17.b3 dxe4 18.Nxe4 Nd5 19.Bc1 Qb6+ 20.Kh1 Ne3 21.Bxe3 Qxe3 22.Qc1 Qb6 23.Qb2 Bb7
24.Rg1 Red8 25.Nf6+ Kh8 26.Nh5 Bf8 27.Rg2 Rd2 28.Qc3 Rbd8 29.Neg3 Rxg2 30.Bxg2 b4
31.axb4 Nxb4 32.Ne4 Rc8 33.Qh3 Rxc2 34.Rd1 Nd5 35.Qd3 Rb2 36.Rb1 Qb5 37.Qxb5 Rxb1+
38.Qf1 Rxf1+ 39.Bxf1 Nc3  0-1

[Event "Sozina Open"]
[Site "Bar SCG"]
[Date "2005.03.05"]
[Round "2"]
[White "Cela,S"]
[Black "Perunovic,Mil"]
[Result "0-1"]
[WhiteElo "2248"]
[BlackElo "2564"]

1.e4 c5 2.Nf3 Nc6 3.d4 cxd4 4.Nxd4 Qc7 5.Nc3 e6 6.Be2 a6 7.O-O Nf6 8.Be3 Be7
9.f4 d6 10.Qe1 O-O 11.Qg3 Nxd4 12.Bxd4 b5 13.a3 Bb7 14.Kh1 Rae8 15.Rae1 Bc6
16.Bd3 e5 17.fxe5 Nh5 18.Qh3 dxe5 19.Qxh5 exd4 20.Nd5 Qd8 21.Nxe7+ Rxe7 22.e5 g6
23.Qg5 Rfe8 24.Re2 Qd5 25.Rfe1 f6 26.Qxf6 Rxe5 27.Qf2 Re3 28.Rxe3 dxe3 29.Qg3 Kg7
30.h3 Re7 31.Re2 Qd4 32.Re1 Qxb2 33.Qd6 Qf6 34.Qxf6+ Kxf6 35.Kh2 Re5 36.h4 h6
37.g4 g5 38.h5 Ke7 39.Kg3 Kd6 40.Rf1 Be4 41.Rf6+ Ke7 42.Rf1 Bxd3 43.cxd3 e2
44.Re1 Kd6 45.Kf3 Kd5  0-1

[Event "Acropolis GM Open"]
[Site "Athens GRE"]
[Date "2005.03.06"]
[Round "1"]
[White "Klokas,K"]
[Black "Hamdouchi,H"]
[Result "0-1"]
[WhiteElo "2216"]
[BlackElo "2555"]

1.e4 c5 2.Nf3 Nc6 3.d4 cxd4 4.Nxd4 Qb6 5.Nb3 Nf6 6.Nc3 e6 7.Bd3 a6 8.O-O Qc7
9.f4 d6 10.Be3 b5 11.Qf3 Bb7 12.Qg3 Be7 13.Qxg7 Rg8 14.Qh6 d5 15.f5 Ng4 16.Qxh7 O-O-O
17.Bf4 Qb6+ 18.Kh1 Nf2+ 19.Rxf2 Qxf2 20.Bg3 Rxg3 21.hxg3 b4 22.Rf1 Qxg3 23.Ne2 Qe5
24.Qxf7 Rf8 25.Qg6 dxe4 26.Bc4 Rh8+ 27.Kg1 Bc5+ 28.Nxc5 Qxc5+ 29.Rf2 Qxc4
30.f6 e3 31.Rf1 Qxe2 32.f7 Rh1+ 33.Kxh1 Qxf1+ 34.Kh2 Nd8  0-1

[Event "Acropolis GM Open"]
[Site "Athens GRE"]
[Date "2005.03.07"]
[Round "2"]
[White "Sigalas,F"]
[Black "Klokas,K"]
[Result "1/2-1/2"]
[WhiteElo "2306"]
[BlackElo "2216"]

1.e4 c5 2.Nf3 Nc6 3.d4 cxd4 4.Nxd4 Qb6 5.Nb3 Nf6 6.Bd3 e6 7.O-O d5 8.exd5 exd5
9.Re1+ Be7 10.Be3 d4 11.Nxd4 Qxb2 12.Nd2 Bg4 13.Qb1 Qxb1 14.Raxb1 Nb4 15.Bg5 Nxd3
16.cxd3 Bc8 17.Rb5 Kd8 18.Bxf6 Bxf6 19.Rd5+ Bd7 20.Nb5 a6 21.Nc4 axb5 22.Nb6 Kc7
23.Nxd7 Bc3 24.Rc5+ Kxd7 25.Rxc3 Rxa2 26.Rc5 Re8 27.Rb1 Rb2 28.Rbc1 Ree2
29.Rf5 Ke6 30.Rf3 b4 31.g3 b3 32.Rc7 Rbc2 33.Rxb7 b2 34.Kf1 Re5 35.d4 Rf5
36.Rb6+ Ke7 37.Rxf5 Rc1+ 38.Ke2 b1=Q 39.Rxb1 Rxb1 40.Ra5 Rb3 41.h4 g6 42.h5 Kf6
43.g4 h6 44.Re5 Ra3 45.f3 Rb3 46.hxg6 fxg6 47.Re3 Rb7 48.Kd3 h5 49.gxh5 gxh5
50.Ke4 h4 51.f4 Re7+ 52.Kf3 Rd7 53.Rd3 Kf5 54.d5 h3 55.Kg3  1/2-1/2

[Event "Sozina Open"]
[Site "Bar SCG"]
[Date "2005.03.10"]
[Round "7"]
[White "Mijovic,S"]
[Black "Zecevic,Drago"]
[Result "1-0"]
[WhiteElo "2116"]
[BlackElo "2210"]

1.e4 c5 2.Nf3 Nc6 3.d4 cxd4 4.Nxd4 Qc7 5.Nc3 e6 6.Be2 a6 7.O-O b5 8.a3 Bb7
9.Kh1 Rc8 10.Nxc6 Bxc6 11.f4 Nf6 12.e5 Ne4 13.Nxe4 Bxe4 14.c3 Qc6 15.Bf3 Bxf3
16.Rxf3 d6 17.Rd3 dxe5 18.fxe5 Be7 19.Bf4 O-O 20.Qg4 Kh8 21.Rg3 g6 22.Bh6 Rfd8
23.Rf1 Bf8 24.Rxf7 Rd1+ 25.Qxd1 Bxh6 26.Qd7 Qxd7 27.Rxd7 Bc1 28.Rgd3 Bxb2
29.Rd8+ Rxd8 30.Rxd8+ Kg7 31.Rd6 Bxc3 32.Rxa6 Bxe5 33.Rxe6 Bb2 34.Re3 Bd4
35.Rb3 Bc5 36.g3 h5 37.Kg2 Kf6 38.Kf3 Ke6 39.h3 Bd6 40.Ke4 Be7 41.Kd4 Bd6
42.Re3+ Kd7 43.Kd5 Bf8 44.Rb3 Be7 45.Rxb5 Bxa3 46.Rb7+ Ke8 47.Rg7 Bc1 48.Rxg6  1-0

[Event "Sozina Open"]
[Site "Bar SCG"]
[Date "2005.03.10"]
[Round "7"]
[White "Rabrenovic,M"]
[Black "Djukic,Z SCG"]
[Result "0-1"]
[WhiteElo "2287"]
[BlackElo "2412"]

1.e4 c5 2.Nf3 Nc6 3.d4 cxd4 4.Nxd4 Qb6 5.Nb3 Nf6 6.Nc3 e6 7.Bd3 a6 8.O-O Qc7
9.f4 d6 10.Qe2 b5 11.Kh1 Be7 12.Bd2 Bb7 13.Rae1 Nd7 14.Nd5 exd5 15.exd5 Nce5
16.Ba5 Qb8 17.fxe5 Nxe5 18.Qe4 g6 19.Bc3 f5 20.Qd4 O-O 21.Na5 Bf6 22.Nxb7 Qxb7
23.Rd1 Rac8 24.Qb4 Rc5 25.Bxe5 Bxe5 26.a4 a5 27.Qb3 b4 28.Bb5 Kg7 29.Bc6 Qe7
30.Rf3 Qh4 31.Rh3 Qe4 32.c3 h5 33.Bb5 bxc3 34.bxc3 Rb8 35.c4 Rb7 36.Qd3 Qxd3
37.Rhxd3 Re7 38.Re3 Bf6 39.Rde1 Rec7 40.g3 Rxc4 41.Bxc4 Rxc4 42.Rb3 Rxa4
43.Ree3 Ra1+ 44.Kg2 Ra2+ 45.Kh1 h4 46.Ra3 Rc2 47.Rxa5 h3 48.Re1 Bc3 49.Raa1 Bxa1
50.Rxa1 Rd2  0-1

[Event "11th Schloss Open"]
[Site "Werther GER"]
[Date "2005.03.19"]
[Round "2"]
[White "Bejaoui,A"]
[Black "Gutman,L"]
[Result "0-1"]
[WhiteElo "2177"]
[BlackElo "2461"]

1.e4 c5 2.Nf3 Nc6 3.d4 cxd4 4.Nxd4 Qb6 5.Nb3 e6 6.Nc3 Nf6 7.Be3 Qc7 8.a3 d6
9.Be2 a6 10.O-O b5 11.f4 Be7 12.Bf3 Rb8 13.Nd4 Nxd4 14.Qxd4 e5 15.Qd2 O-O
16.f5 Bb7 17.g4 d5 18.exd5 e4 19.Nxe4 Nxd5 20.Bd4 Rbd8 21.c3 Nf6 22.Qg2 Bxe4
23.Bxe4 Bc5 24.g5 Bxd4+ 25.cxd4 Nxe4 26.Qxe4 Rfe8 27.Qg4 Qc2 28.Rf2 Qe4 29.Qxe4 Rxe4
30.Rd1 g6 31.fxg6 hxg6 32.d5 Re5 33.h4 Rexd5 34.Rxd5 Rxd5 35.Kg2 Re5 36.Kg3 a5
37.b4 a4 38.Rf3 Re4 39.Rc3 Kf8 40.Rd3 Ke7 41.Rf3 Rc4 42.Kh3 Rc1 43.Kg4 Rg1+
44.Kf4 Ke6 45.Re3+ Kd5 46.Rc3 Kd4 47.Rc5 Ra1 48.Rxb5 Rxa3 49.Rb7 Ra1 50.Kg3 a3
51.Kg2 a2 52.Ra7 Kc3 53.b5 Kb2 54.b6 Rb1 55.b7 Ka1 56.b8=Q Rxb8 57.Rxf7 Kb2
58.Rf2+ Kb3 59.Rf3+ Ka4 60.Rf4+ Ka3 61.Rf6 a1=Q 62.Ra6+ Kb2 63.Rxa1 Kxa1
64.h5 gxh5 65.Kh3 Rb4 66.Kg2  0-1

[Event "ch-RUS w 1st League"]
[Site "Samara RUS"]
[Date "2005.03.24"]
[Round "2"]
[White "Malysheva,P"]
[Black "Mashinskaya,I"]
[Result "1-0"]
[WhiteElo "2283"]
[BlackElo "2420"]

1.e4 c5 2.Nf3 Nc6 3.d4 cxd4 4.Nxd4 Qc7 5.Nc3 e6 6.f4 a6 7.Be2 b5 8.Nxc6 Qxc6
9.a3 Bb7 10.Be3 Nf6 11.Bf3 d5 12.exd5 exd5 13.Ne2 Bc5 14.Nd4 Qc7 15.O-O O-O
16.c3 Rfe8 17.Qd3 Ne4 18.Kh1 Rad8 19.Rae1 Rd6 20.Bd1 Rh6 21.Kg1 Bf8 22.Bc2 Bc5
23.Nf3 Rhe6 24.Bxc5 Qxc5+ 25.Qd4 Qc7 26.Nh4 g6 27.f5 Re5 28.fxg6 hxg6 29.Bd1 Qc4
30.Nf3 R5e7 31.Bc2 Qxd4+ 32.Nxd4 Nd2 33.Rxe7 Rxe7 34.Rd1 Nc4 35.Rb1 Bc8 36.a4 Bd7
37.axb5 axb5 38.Bd3 Re3 39.Bf1 Re4 40.Kf2 b4 41.Bxc4 dxc4 42.Kf3 f5 43.Ra1 bxc3
44.bxc3 g5 45.Ra7 Be8 46.Rc7 Bh5+ 47.Kf2 Bf7 48.Rc5 Rf4+ 49.Kg1 Kg7 50.g3 Re4
51.Nxf5+ Kf6 52.Nd6 Re1+ 53.Kf2 Rc1 54.Nxf7 Rc2+ 55.Ke3 Kxf7 56.Kd4 Kf6 57.h4 gxh4
58.gxh4 Rh2 59.Rc6+ Kg7 60.Kxc4 Rxh4+  1-0

[Event "Caissa IM March"]
[Site "Kecskemet HUN"]
[Date "2005.03.25"]
[Round "6"]
[White "Donko,M"]
[Black "Kragelj,I"]
[Result "0-1"]
[WhiteElo "2037"]
[BlackElo "2243"]

1.e4 c5 2.Nf3 Nc6 3.d4 cxd4 4.Nxd4 Qc7 5.Nc3 e6 6.Be3 a6 7.Qd2 Nf6 8.f3 Ne5
9.O-O-O Bb4 10.Nb3 b5 11.Kb1 Nc4 12.Bxc4 bxc4 13.Nd4 O-O 14.g4 Rb8 15.g5 Nh5
16.Nde2 f5 17.Qe1 fxe4 18.fxe4 Bb7 19.Qh4 g6 20.Bd4 Ba8 21.Qg4 Qb7 22.b3 Qc7
23.Rhf1 cxb3 24.axb3 Rxf1 25.Rxf1 e5 26.Ng3 Ng7 27.Nd5 Bxd5 28.exd5 exd4
29.Ne4 Nh5 30.Nf6+ Nxf6 31.gxf6 Rf8 32.h4 Bd2 33.h5 g5 34.Qf5 Bf4 35.h6 Qd6
36.Re1 Qxf6 37.Qxd7 Rf7 38.Re8+ Rf8 39.Re7 Rf7 40.Re8+ Rf8 41.Re7 Qxh6 42.Ka2 Qg6
43.Kb2 Bd2 44.d6 Bc3+ 45.Ka3 a5 46.Ka4 Bb4 47.Qb7 Kh8 48.Qd7 g4 49.Re6 Qf5
50.Qe7 g3 51.Rh6 Qf7 52.Rh3 Qxe7 53.dxe7 Bxe7 54.Rxg3 Bb4 55.Rg2 Bc3 56.Kb5 Rc8
57.Kb6 h6 58.Kb7 Re8 59.Kc6 Kh7 60.Kd7 Re3 61.Kd6 h5 62.Kd5 Kh6 63.Rh2 Kg5
64.Rg2+ Kh4  0-1

[Event "Caissa IM March"]
[Site "Kecskemet HUN"]
[Date "2005.03.27"]
[Round "8"]
[White "Groetz,H"]
[Black "Kragelj,I"]
[Result "1-0"]
[WhiteElo "2299"]
[BlackElo "2243"]

1.e4 c5 2.Nf3 Nc6 3.d4 cxd4 4.Nxd4 Qc7 5.Nc3 e6 6.g3 a6 7.Bg2 Nf6 8.O-O Bc5
9.Nxc6 dxc6 10.Na4 Ba7 11.c4 Nd7 12.Qc2 b5 13.cxb5 axb5 14.Nc3 Ba6 15.Re1 b4
16.Nd5 Qb7 17.Nf4 e5 18.Nd3 b3 19.Qxb3 Qxb3 20.axb3 Bxd3 21.Be3 c5 22.Ra3 Nb8
23.Rea1 Ba6 24.b4 cxb4 25.Rxa6 Nxa6 26.Rxa6 O-O 27.Rxa7 Rxa7 28.Bxa7 Rc8
29.Kf1 Rc2 30.Ke1 Rxb2 31.Kd1 g6 32.Kc1 Ra2 33.Be3 Kg7 34.Kb1 b3 35.Bf1 Rc2
36.Bd3 Rc3 37.Bb5 Rc2 38.Bd3 Rc3 39.Ba6 Rc2 40.Bb7 Kf6 41.h4 Kg7 42.Bd5 f5
43.Bxb3 Re2 44.Bd1 Re1 45.Kc2 f4 46.gxf4 exf4 47.Bd4+ Kf7 48.Bf3 h6 49.Kd2 Rb1
50.Be5 g5 51.hxg5 hxg5 52.Bg4  1-0

[Event "Spring Open"]
[Site "Belgrade SCG"]
[Date "2005.03.29"]
[Round "5"]
[White "Carnic,D"]
[Black "Zivkovic,Veli"]
[Result "1-0"]
[WhiteElo "2245"]
[BlackElo "2075"]

1.e4 c5 2.Nf3 Nc6 3.d4 cxd4 4.Nxd4 Qc7 5.Nc3 e6 6.Be2 a6 7.O-O Nf6 8.Bg5 Be7
9.Nxc6 dxc6 10.Qd4 O-O 11.e5 Nd5 12.Bxe7 Nxc3 13.Qxc3 Qxe7 14.Rfd1 Bd7 15.Rd6 Rfd8
16.Rad1 Be8 17.Qb4 Rd7 18.a3 Rad8 19.h3 Rxd6 20.exd6 Qd7 21.c4 f6 22.c5 Bf7
23.Bc4 e5 24.Rd3 Bxc4 25.Qxc4+ Qf7 26.Qxf7+ Kxf7 27.f3 Ke6 28.Kf2 f5 29.Ke3 g5
30.g4 fxg4 31.fxg4 Rf8 32.d7 Rd8 33.Rd6+ Ke7 34.Ke4 b6 35.Kxe5 bxc5 36.Rh6 Kxd7
37.Rd6+ Kc7 38.Rxd8 Kxd8 39.Kd6  1-0

[Event "ch-RUS w 1st League"]
[Site "Samara RUS"]
[Date "2005.03.31"]
[Round "9"]
[White "Grunina,N"]
[Black "Mashinskaya,I"]
[Result "1/2-1/2"]
[WhiteElo "2157"]
[BlackElo "2420"]

1.e4 c5 2.Nf3 Nc6 3.d4 cxd4 4.Nxd4 Qc7 5.Nc3 e6 6.g3 a6 7.Bg2 Nf6 8.O-O Bc5
9.Bf4 Ne5 10.Na4 Ba7 11.c4 d6 12.Rc1 Nfd7 13.b3 O-O 14.Qd2 Ng4 15.Nc2 Nde5
16.h3 Nf6 17.Rfd1 Ne8 18.Ne3 f6 19.Nc2  1/2-1/2

[Event "FSIM April"]
[Site "Budapest HUN"]
[Date "2005.04.07"]
[Round "6"]
[White "Farago,S"]
[Black "Fodor,I2"]
[Result "1/2-1/2"]
[WhiteElo "2262"]
[BlackElo "2150"]

1.e4 c5 2.Nf3 Nc6 3.d4 cxd4 4.Nxd4 Qc7 5.Nc3 e6 6.a3 a6 7.Be3 Nf6 8.Be2 Be7
9.f4 d6 10.Qd2 Bd7 11.O-O-O Nxd4 12.Qxd4 Bc6 13.g4 Nd7 14.g5 e5 15.Qc4 b5
16.Nd5 Qb7 17.Qa2 Nc5 18.Bf3 Ne6 19.h4 exf4 20.Nxf4 Bxe4 21.Bxe4 Qxe4 22.Nd5 Rc8
23.Qb3 Qc4 24.Kb1 Qxb3 25.cxb3 Bd8 26.Rhg1 O-O 27.h5 Re8 28.h6 Nc7 29.Nb6 Rb8
30.Nd7 Rb7 31.Bc1 Ne6 32.Rxd6 Be7 33.Rd5 Nf8 34.Ne5 f6 35.Nc6 fxg5 36.hxg7 Ng6
37.Bxg5 Bxg5 38.Rdxg5 Rxg7 39.Nd4 Rge7 40.Ka2 Rd7 41.R1g4 Re1 42.b4 Re8 43.Nb3 Re2
44.Nd4 Re8 45.Rc5 Rd6 46.Rc7 Re5 47.a4 bxa4 48.Ka3 Red5 49.Nc6 Rd3+ 50.Kxa4 Kh8
51.Ka5 Rd2 52.Kxa6 Rxb2 53.b5 Ra2+ 54.Kb7 Rb2 55.Rg5 h6 56.Rh5 Nf4 57.Rf5 Ne6
58.Re7 Rxc6 59.Rd5 Rc5 60.Rxc5 Nxc5+ 61.Kc6 Na4 62.Ra7 Rc2+ 63.Kb7 Nc5+ 64.Kb6 Ne6
65.Re7 Nd4 66.Rd7 Rc4 67.Ka6 Ra4+ 68.Kb6 Rb4 69.Kc5 Rxb5+ 70.Kxd4 Rf5 71.Ke4 Rf1
72.Ra7 Kg8 73.Ra5 Kg7 74.Rf5 Rg1 75.Kf3 Kg6 76.Ra5 h5 77.Kf2 Rg4 78.Kf3 Rb4
79.Kg3 Kh6 80.Ra6+ Kg5 81.Ra5+ Kg6 82.Rc5 Kh6 83.Rc6+ Kg5  1/2-1/2

[Event "ch-RUS u18"]
[Site "Nojabrsk RUS"]
[Date "2005.04.07"]
[Round "2"]
[White "Nechepurenko,R"]
[Black "Reshetnikov,A"]
[Result "1-0"]
[WhiteElo "2402"]
[BlackElo "2355"]

1.e4 c5 2.Nf3 Nc6 3.d4 cxd4 4.Nxd4 Qc7 5.Nc3 e6 6.Nb3 a6 7.a4 Nf6 8.Bd3 b6
9.O-O Be7 10.f4 d6 11.Qf3 O-O 12.g4 Nd7 13.g5 Nc5 14.Be3 Nb4 15.Nd4 d5 16.e5 Nbxd3
17.cxd3 Nxd3 18.Qe2 Nb4 19.Rac1 Bc5 20.Rf3 Nc6 21.Qf2 Nxd4 22.Bxd4 Bd7 23.Rd1 Bxd4
24.Rxd4 f6 25.gxf6 gxf6 26.Qh4 Qd8 27.Qh6 Kh8 28.f5 fxe5 29.Rh4 Rf7 30.f6 Qf8
31.Qh5  1-0

[Event "1st ch-SCG"]
[Site "Kopaonik SCG"]
[Date "2005.04.10"]
[Round "9"]
[White "Vuckovic,Bo"]
[Black "Djukic,Ni"]
[Result "1/2-1/2"]
[WhiteElo "2529"]
[BlackElo "2509"]

1.e4 c5 2.Nf3 Nc6 3.d4 cxd4 4.Nxd4 Qc7 5.Nc3 e6 6.Be3 a6 7.Qd2 Nf6 8.O-O-O Be7
9.f3 O-O 10.g4 d6 11.g5 Nd7 12.h4 Nxd4 13.Bxd4 b5 14.Kb1 b4 15.Na4 Rb8 16.Rg1 Nc5
17.Nxc5 dxc5 18.Bf6 Bb7 19.Bxe7 Qxe7 20.Bc4 Rbd8 21.Qe3 Rxd1+ 22.Rxd1 Rd8
23.Rxd8+ Qxd8 24.a3 bxa3 25.Qxc5 Qd1+ 26.Ka2 g6 27.Qc7 axb2 28.Kxb2 Qd4+
29.c3 Qf2+ 30.Kb3 Qa7 31.Qd8+ Kg7 32.Qf6+ Kg8 33.Qd8+ Kg7 34.Kb4 a5+ 35.Qxa5 Qb8
36.Qb6 h6 37.e5 hxg5 38.hxg5 Qa8 39.f4 Bf3 40.Qd4 Qa1 41.Bb5 Bd5 42.Qd2 Qb1+
43.Kc5 Qg1+ 44.Qd4 Qa1 45.Kd6 Qa5 46.Qb4 Qd8+ 47.Bd7 Qa8 48.Qb6 Qf8+ 49.Kc7 Qa3
50.Qb4 Qa7+ 51.Kd8 Qa8+ 52.Bc8 Qc6 53.Qa5 Qc4 54.Qb4 Qc6 55.Qd4 Kf8 56.Qb4+ Kg7
57.Bd7 Qa8+ 58.Kc7 Qa7+ 59.Kd6 Qa6+ 60.Ke7 Qa8 61.Be8 Qa7+ 62.Kd6 Qa6+ 63.Kc7 Qa7+
64.Kc8 Qa6+ 65.Kd8 Qa8+ 66.Ke7 Qa7+ 67.Bd7 Qa8 68.Ba4 Qa7+ 69.Bd7 Qa8 70.Kd6 Qa6+
71.Kc7 Qa7+ 72.Kd8 Qa8+ 73.Bc8 Qc6 74.Qa5 Qc4 75.Qb4 Qc6 76.c4 Bxc4 77.Bb7 Qb5
78.Qxb5 Bxb5 79.Ke7 Ba4 80.Be4 Bb5 81.Bc2 Bc6 82.Bb3 Bb5 83.Bd1 Bc6 84.Be2 Ba4
85.Bc4 Bc6 86.Bd3 Ba4 87.Bf1 Bc6 88.Ba6 Ba4 89.Bc4 Bc6 90.Be2 Ba4 91.Bc4 Bc6
92.Bb3 Bb5 93.Bc2 Bc6 94.Bb3  1/2-1/2

[Event "1st ch-SCG"]
[Site "Kopaonik SCG"]
[Date "2005.04.13"]
[Round "11"]
[White "Vuckovic,Bo"]
[Black "Perunovic,Mil"]
[Result "0-1"]
[WhiteElo "2529"]
[BlackElo "2549"]

1.e4 c5 2.Nf3 Nc6 3.d4 cxd4 4.Nxd4 Qc7 5.Nc3 e6 6.Be3 a6 7.Qd2 Nxd4 8.Bxd4 b5
9.O-O-O Ne7 10.Kb1 Nc6 11.Be3 Rb8 12.f4 d6 13.e5 dxe5 14.fxe5 Bb4 15.Bd3 O-O
16.Rhe1 Bb7 17.a3 Be7 18.Qf2 b4 19.Bb6 Qc8 20.axb4 Nxb4 21.Ba7 Ra8 22.Ne4 Nxd3
23.cxd3 Bxe4 24.dxe4 Qc7 25.Bb6 Qxe5 26.Bd4 Qb5 27.Qg3 f6 28.Qh3 Qc4 29.Qc3 Rfc8
30.Qxc4 Rxc4 31.Bc3 Ra7 32.Rd4 Rc6 33.Red1 Kf7 34.Kc2 Rb7 35.Rd7 Rcc7 36.Rxc7 Rxc7
37.Kb3 h5 38.Ka4 Rc4+ 39.Ka5 Rxe4 40.Kxa6 e5 41.Kb5 Ke6 42.b4 g5 43.Re1 Rxe1
44.Bxe1 Kd5 45.Ka6 e4 46.b5 h4 47.b6 e3 48.Kb5 Bd6 49.h3 e2 50.b7 f5 51.Kb6 Bb8
52.Kb5 f4 53.Kb4 g4 54.Kc3 f3 55.Kd3 fxg2  0-1

[Event "CES"]
[Site "Northeim GER"]
[Date "2005.04.14"]
[Round "2"]
[White "Hoexter,H"]
[Black "Gutman,L"]
[Result "0-1"]
[WhiteElo "2224"]
[BlackElo "2469"]

1.e4 c5 2.Nf3 Nc6 3.d4 cxd4 4.Nxd4 Qb6 5.Nb3 e6 6.Be3 Qc7 7.Nc3 Nf6 8.a3 a6
9.Be2 b5 10.Nd2 Bb7 11.O-O Ne7 12.f4 d5 13.e5 Nf5 14.Bf2 Ne4 15.Ndxe4 dxe4
16.g4 Rd8 17.Qe1 e3 18.gxf5 Qc6  0-1

[Event "TCh-HUN w"]
[Site "Budapest HUN"]
[Date "2005.04.19"]
[Round "1"]
[White "Domany,Z"]
[Black "Medvegy,N"]
[Result "0-1"]
[WhiteElo "2056"]
[BlackElo "2388"]

1.e4 c5 2.Nf3 Nc6 3.d4 cxd4 4.Nxd4 Qc7 5.Nc3 e6 6.Ndb5 Qb8 7.Be3 a6 8.Bb6 axb5
9.Nxb5 Bb4+ 10.c3 Ba5 11.Nc7+ Qxc7 12.Bxc7 Bxc7 13.Qg4 Kf8 14.f4 d5 15.exd5 exd5
16.Qf3 Nf6 17.h3 Bf5 18.Be2 Bb6 19.Rh2 Be4 20.Qf1 Re8 21.Kd1 d4 22.Bf3 dxc3
23.bxc3 Rd8+ 24.Ke1 Bd3 25.Be2 Re8 26.g4 Nd5 27.Qf3 Be4 28.Qg3 Nxc3 29.Kf1 Nd5
30.Rc1 Ne3+ 31.Ke1 h5 32.gxh5 Rh6 33.Rc3 Nf5 34.Qg4 Ba5  0-1

[Event "Torch Real Estate Cup"]
[Site "Jinan CHN"]
[Date "2005.04.21"]
[Round "2"]
[White "Wang Wenhao"]
[Black "Wen Yang"]
[Result "0-1"]
[WhiteElo "2387"]
[BlackElo "2327"]

1.e4 c5 2.Nf3 Nc6 3.d4 cxd4 4.Nxd4 Qc7 5.Nc3 e6 6.Be2 a6 7.O-O Nf6 8.Be3 Be7
9.f4 d6 10.Kh1 O-O 11.Bd3 Nxd4 12.Bxd4 e5 13.Be3 exf4 14.Rxf4 Be6 15.Nd5 Bxd5
16.exd5 Nd7 17.Rc4 Qd8 18.Rb4 b6 19.a4 Bf6 20.Ra3 Re8 21.Bg1 a5 22.Rb5 Re7
23.Qf1 Qc7 24.b4 Rae8 25.bxa5 bxa5 26.Rb1 Re5 27.Rd1 Rf8 28.Bb5 Rh5 29.Qf3 Rh4
30.g3 Rb4 31.Re3 Ne5 32.Qe2 Rb2 33.Re4 Rxc2 34.Rd2 Rc1 35.Kg2 Bg5 36.Be3 Bxe3
37.Rxe3 f5 38.Rd1 Rc5 39.Kg1 Qf7 40.Rxe5 dxe5 41.Qxe5 Rd8 42.Re1 Qxd5  0-1